[Event "Bayerische Einzelmeisterschaft 2011"]
[Site "Regensburg"]
[Date "2011.08.21"]
[Round "2.13"]
[White "Stöver, Leon"]
[Black "Schindler, Viktor"]
[Result "0-1"]
[WhiteElo "1919"]
[BlackElo "2168"]
[PlyCount "92"]
[EventDate "2011.??.??"]
[WhiteTeam "TuS Geretsried"]
[BlackTeam "PTSV SK Hof 1892"]

1. e4 c5 2. Nf3 d6 3. d4 cxd4 4. Nxd4 Nf6 5. Nc3 Nc6 6. Bg5 e6 7. Qd2 a6 8.
O-O-O Bd7 9. f4 b5 10. Bxf6 gxf6 11. Kb1 Qb6 12. Nxc6 Bxc6 13. f5 O-O-O 14.
fxe6 fxe6 15. Qf4 Be7 16. g3 b4 17. Ne2 e5 18. Bh3+ Kb8 19. Qf3 Qb7 20. Bg2 f5
21. Qxf5 Rdf8 22. Qh3 Rf2 23. Nc1 Bxe4 24. Bxe4 Qxe4 25. Nd3 Re2 26. Qd7 Qb7
27. Qxb7+ Kxb7 28. Nxb4 Rf8 29. Nd5 Bg5 30. Nc3 Rd2 31. Rxd2 Bxd2 32. Ne4 Bb4
33. c3 d5 34. cxb4 dxe4 35. Re1 Kc6 36. Rxe4 Kd5 37. Re2 Kd4 38. Kc2 e4 39. a3
e3 40. Kd1 Kd3 41. Ke1 Rc8 42. Kf1 Rc1+ 43. Re1 Rc2 44. Rd1+ Rd2 45. Ke1 Kc2
46. Ra1 Rxh2 0-1

[Event "Bayerische Einzelmeisterschaft 2011"]
[Site "Regensburg"]
[Date "2011.08.21"]
[Round "2.14"]
[White "Krauß, Josef"]
[Black "Niemetz, Alexander"]
[Result "1-0"]
[WhiteElo "2160"]
[BlackElo "2013"]
[PlyCount "87"]
[EventDate "2011.??.??"]
[WhiteTeam "SV Würzburg von 1865 e.V."]
[BlackTeam "SC Hollfeld 1960 e.V."]

1. e4 e6 2. d4 d5 3. e5 c5 4. c3 Nc6 5. Nf3 Bd7 6. a3 f6 7. Bd3 Qc7 8. O-O
O-O-O 9. Re1 fxe5 10. Nxe5 Nxe5 11. dxe5 Ne7 12. Bg5 h6 13. Qh5 Be8 14. Qh3 Kb8
15. Nd2 Rg8 16. Bxe7 Qxe7 17. b4 c4 18. Bh7 Rh8 19. Bc2 g5 20. Nf3 Bg7 21. Nd4
Bd7 22. Qh5 Rdf8 23. Re3 Qf7 24. Qxf7 Rxf7 25. Bg6 Re7 26. Bh5 Rf8 27. Rae1 Kc7
28. Bg4 a6 29. R1e2 Rf4 30. h3 Rf8 31. g3 a5 32. Kg2 axb4 33. axb4 Ra8 34. Rf3
Ra1 35. Ree3 Kd8 36. Re2 Ra3 37. Rfe3 Ra1 38. f4 Ra3 39. f5 exf5 40. Bxf5 Ra6
41. Bxd7 Rxd7 42. Kf3 h5 43. Kg2 Rf7 44. e6 1-0

[Event "Bayerische Einzelmeisterschaft 2011"]
[Site "Regensburg"]
[Date "2011.08.21"]
[Round "2.15"]
[White "Fuhrmann, Max"]
[Black "Dauer, Christina"]
[Result "1-0"]
[WhiteElo "2153"]
[BlackElo "1896"]
[PlyCount "93"]
[EventDate "2011.??.??"]
[WhiteTeam "SK Kelheim 1920"]
[BlackTeam "Spgem Kötz/Ichenhausen"]

1. e4 e6 2. d4 d5 3. Nc3 Bb4 4. exd5 exd5 5. Bd3 Nc6 6. a3 Ba5 7. Nge2 Nf6 8.
Bg5 Be6 9. b4 Bb6 10. Bb5 h6 11. Bxf6 Qxf6 12. Bxc6+ bxc6 13. Qd2 a5 14. O-O
O-O 15. Na4 axb4 16. axb4 Bg4 17. f3 Bf5 18. c3 Rfe8 19. Ng3 Bg6 20. Nb2 Qe6
21. Kf2 Qc8 22. Rfe1 Kf8 23. Rxe8+ Qxe8 24. Rxa8 Qxa8 25. Nd3 Bxd3 26. Qxd3 g6
27. Qe3 Qa2+ 28. Ne2 Kg7 29. Qe5+ Kh7 30. Qf6 Kg8 31. Qxc6 Kg7 32. Ke3 g5 33.
Ng3 Qc2 34. Nh5+ Kh7 35. Nf6+ Kg7 36. Nxd5 Qc1+ 37. Ke4 Qc2+ 38. Ke3 Qc1+ 39.
Kd3 Qf1+ 40. Ke4 Qb1+ 41. Ke5 Qe1+ 42. Kf5 Qb1+ 43. Kg4 Qc2 44. Ne3 h5+ 45.
Kxg5 f6+ 46. Qxf6+ Kg8 47. Nxc2 1-0

[Event "Bayerische Einzelmeisterschaft 2011"]
[Site "Regensburg"]
[Date "2011.08.22"]
[Round "3.1"]
[White "Lentrodt, Thomas"]
[Black "Pohl-Kuemmel, Jens-Uwe"]
[Result "1/2-1/2"]
[WhiteElo "2307"]
[BlackElo "2287"]
[PlyCount "47"]
[EventDate "2011.??.??"]
[WhiteTeam "FC Bayern München e.V."]
[BlackTeam "TSV Wacker Neutraubling"]

1. d4 Nf6 2. Bg5 g6 3. Bxf6 exf6 4. e3 Bg7 5. Nf3 d6 6. Be2 O-O 7. O-O f5 8. c4
c5 9. Nc3 Nc6 10. Rc1 Re8 11. dxc5 dxc5 12. Qc2 Bxc3 13. Qxc3 f4 14. Rcd1 Qc7
15. Qf6 fxe3 16. fxe3 Qe7 17. Qxe7 Rxe7 18. Kf2 Bf5 19. Rfe1 Rae8 20. Bd3 Bxd3
21. Rxd3 b6 22. b3 Kg7 23. Re2 h6 24. Rd6 1/2-1/2

[Event "Bayerische Einzelmeisterschaft 2011"]
[Site "Regensburg"]
[Date "2011.08.22"]
[Round "3.2"]
[White "Reich, Thomas"]
[Black "Lederle, Vitus"]
[Result "1-0"]
[WhiteElo "2391"]
[BlackElo "2214"]
[PlyCount "75"]
[EventDate "2011.??.??"]
[WhiteTeam "FC Bayern München e.V."]
[BlackTeam "SC Dillingen"]

1. e4 c5 2. c3 d6 3. d4 Nf6 4. dxc5 Nc6 5. f3 dxc5 6. Qxd8+ Nxd8 7. Be3 e6 8.
Na3 a6 9. Nc4 Nd7 10. a4 Nc6 11. a5 Be7 12. Nh3 Nce5 13. Nf2 Nxc4 14. Bxc4 Ne5
15. Be2 Bd7 16. f4 Ng6 17. g3 O-O 18. O-O Rfd8 19. Rfd1 Bc6 20. b3 Rxd1+ 21.
Rxd1 Rd8 22. Ra1 Nf8 23. Bc4 Nd7 24. e5 Kf8 25. Nd3 Be4 26. Nb2 Ke8 27. Rc1 Nb8
28. Bf1 Bd5 29. Nc4 Nc6 30. Ra1 f6 31. Nd6+ Bxd6 32. exd6 Rxd6 33. Bxc5 Rd7 34.
b4 Be4 35. b5 axb5 36. Bxb5 Kd8 37. Re1 Rd5 38. Bb6+ 1-0

[Event "Bayerische Einzelmeisterschaft 2011"]
[Site "Regensburg"]
[Date "2011.08.22"]
[Round "3.3"]
[White "Gießmann, Stephan"]
[Black "Singer, Christoph"]
[Result "0-1"]
[WhiteElo "2237"]
[BlackElo "2380"]
[PlyCount "110"]
[EventDate "2011.??.??"]
[WhiteTeam "SK Kelheim 1920"]
[BlackTeam "SC Tarrasch 45 München"]

1. d4 d5 2. c4 e6 3. Nc3 Be7 4. Nf3 Nf6 5. Bf4 O-O 6. e3 b6 7. Qc2 Ba6 8. cxd5
Bxf1 9. Kxf1 Nxd5 10. Nxd5 Qxd5 11. Qxc7 Nc6 12. Kg1 Rfc8 13. Qb7 Kf8 14. h3 g5
15. Bg3 Nxd4 16. Qxd5 Ne2+ 17. Kh2 exd5 18. Rhd1 Rc2 19. Rxd5 Nxg3 20. Kxg3 Rd8
21. Rad1 Rxd5 22. Rxd5 Rxb2 23. Nxg5 Bxg5 24. Rxg5 Rxa2 25. Rb5 Ke7 26. e4 Ra5
27. Rb2 Rg5+ 28. Kf3 Kd6 29. g4 Kc6 30. Ke3 Rc5 31. Kd4 a5 32. f4 b5 33. g5 b4
34. e5 Kb5 35. f5 a4 36. e6 fxe6 37. fxe6 Rc4+ 38. Kd3 Rc3+ 39. Kd4 Rc4+ 40.
Kd3 Rc3+ 41. Kd4 Rc1 42. Re2 Rd1+ 43. Ke5 Rd8 44. e7 Re8 45. Kd4 a3 46. Kd3 b3
47. Re5+ Kb4 48. Re4+ Kc5 49. Re1 a2 50. Kc3 Rxe7 51. Rf1 Re3+ 52. Kb2 Rxh3 53.
Rg1 Rd3 54. g6 hxg6 55. Rxg6 Rd2+ 0-1

[Event "Bayerische Einzelmeisterschaft 2011"]
[Site "Regensburg"]
[Date "2011.08.22"]
[Round "3.4"]
[White "Golda, Harald"]
[Black "Nuber, Korbinian"]
[Result "1/2-1/2"]
[WhiteElo "2334"]
[BlackElo "2245"]
[PlyCount "107"]
[EventDate "2011.??.??"]
[WhiteTeam "Schachklub Schweinfurt 2000 e.V."]
[BlackTeam "SC Dillingen"]

1. d4 d5 2. Nf3 Nf6 3. c4 c6 4. Nc3 a6 5. e3 e6 6. b3 Nbd7 7. Bd3 c5 8. cxd5
exd5 9. O-O Be7 10. Bb2 O-O 11. Ne2 Re8 12. Rc1 b6 13. Ng3 Bb7 14. Nf5 Bf8 15.
Ne5 g6 16. Nxd7 Nxd7 17. Qg4 Nf6 18. Qg5 Re6 19. dxc5 bxc5 20. Nh6+ Bxh6 21.
Qxh6 Rc8 22. Qh4 Rec6 23. Rfd1 Ne8 24. Qf4 Qc7 25. Qh4 Qd8 26. Qg3 Qc7 27. Be5
Qe7 28. Be2 c4 29. Bg4 Rd8 30. Bd4 Qc7 31. Qxc7 Nxc7 32. bxc4 Rxc4 33. Bb6 Rxg4
34. Rxc7 Bc8 35. Bd4 Re4 36. Rdc1 Bf5 37. Ra7 Rc8 38. Rd1 Re6 39. f3 Rec6 40.
g4 Be6 41. Rb1 Kf8 42. a4 h5 43. h3 hxg4 44. hxg4 Rc1+ 45. Rxc1 Rxc1+ 46. Kf2
Rc6 47. Kg3 Ke8 48. Kf4 Bd7 49. a5 f6 50. g5 fxg5+ 51. Kxg5 Re6 52. Bb6 Bb5 53.
Rc7 Be2 54. f4 1/2-1/2

[Event "Bayerische Einzelmeisterschaft 2011"]
[Site "Regensburg"]
[Date "2011.08.22"]
[Round "3.5"]
[White "Schatz, Christian"]
[Black "Heimrath, Reiner"]
[Result "1-0"]
[WhiteElo "2204"]
[BlackElo "2309"]
[PlyCount "158"]
[EventDate "2011.??.??"]
[WhiteTeam "SK Schwanstetten 79 e.V."]
[BlackTeam "SC Noris-Tarrasch Nürnberg 1873"]

1. d4 g6 2. g3 Bg7 3. Bg2 d6 4. Nf3 Nd7 5. O-O Ngf6 6. c4 c5 7. Nc3 O-O 8. b3
Rb8 9. Bb2 a6 10. a4 cxd4 11. Nxd4 Nc5 12. b4 Ne6 13. Nd5 Ng5 14. Nxf6+ Bxf6
15. h4 Ne6 16. Nxe6 fxe6 17. Bxf6 Rxf6 18. Qd4 e5 19. Qe3 a5 20. Rab1 Bf5 21.
Rb2 axb4 22. Rxb4 Qa5 23. Qb6 Qxb6 24. Rxb6 Be6 25. Bxb7 Rff8 26. Rfb1 Kg7 27.
c5 Bf5 28. e4 Rxb7 29. exf5 Ra7 30. cxd6 exd6 31. fxg6 hxg6 32. Rxd6 Rf6 33.
Rxf6 Kxf6 34. Rb4 Kf5 35. g4+ Ke6 36. Kg2 Kd5 37. f3 Rc7 38. Kg3 Rc3 39. g5 Ra3
40. Kg4 Ra1 41. Kg3 Ra3 42. Re4 Ra1 43. Kh3 Ra3 44. Kg4 Ra1 45. Rb4 Kc5 46.
Rb5+ Kd4 47. Rb6 Rg1+ 48. Kh3 Ke3 49. Rxg6 Kxf3 50. Rf6+ Ke3 51. g6 e4 52. a5
Kd4 53. a6 Ke5 54. a7 Kxf6 55. a8=Q Rxg6 56. Qxe4 Rg8 57. Qd5 Rg7 58. Qd8+ Kg6
59. Qf8 Kh7 60. Qf5+ Kh6 61. Qf6+ Kh5 62. Qf8 Kg6 63. Kg4 Kh7+ 64. Kf5 Rg6 65.
Qf7+ Kh8 66. Qd5 Rf6+ 67. Ke5 Rg6 68. Qd7 Rg7 69. Qe8+ Rg8 70. Qh5+ Kg7 71. Kf5
Rf8+ 72. Kg5 Rf6 73. Qe8 Rf7 74. h5 Rf8 75. Qg6+ Kh8 76. Qh6+ Kg8 77. Qe6+ Kh7
78. Qe7+ Kg8 79. Kg6 Rf6+ 1-0

[Event "Bayerische Einzelmeisterschaft 2011"]
[Site "Regensburg"]
[Date "2011.08.22"]
[Round "3.6"]
[White "Wagner, Florian"]
[Black "Fedorovsky, Michael"]
[Result "1/2-1/2"]
[WhiteElo "2253"]
[BlackElo "2416"]
[PlyCount "38"]
[EventDate "2011.??.??"]
[WhiteTeam "SC Noris-Tarrasch Nürnberg 1873"]
[BlackTeam "SC Tarrasch 45 München"]

1. Nf3 Nf6 2. c4 e6 3. b3 d5 4. e3 b6 5. Bb2 Bb7 6. Be2 Nbd7 7. O-O c5 8. Qc2
Be7 9. d3 O-O 10. Nbd2 Qc7 11. Rfe1 Rac8 12. Nf1 Rfe8 13. Ng3 e5 14. cxd5 Nxd5
15. a3 Bf8 16. Rad1 g6 17. Qb1 Bg7 18. Qa1 a5 19. Nd2 Nb8 1/2-1/2

[Event "Bayerische Einzelmeisterschaft 2011"]
[Site "Regensburg"]
[Date "2011.08.22"]
[Round "3.8"]
[White "Schindler, Viktor"]
[Black "Zill, Christoph"]
[Result "1/2-1/2"]
[WhiteElo "2168"]
[BlackElo "2271"]
[PlyCount "38"]
[EventDate "2011.??.??"]
[WhiteTeam "PTSV SK Hof 1892"]
[BlackTeam "SK Freising"]

1. e4 e6 2. d4 d5 3. e5 c5 4. c3 Nc6 5. Nf3 Nh6 6. Bxh6 gxh6 7. Be2 Bg7 8. O-O
O-O 9. Na3 cxd4 10. cxd4 Qb6 11. Qd2 f6 12. exf6 Rxf6 13. Nc2 a5 14. a3 a4 15.
Rad1 Bd7 16. Nb4 Na5 17. Ne5 Bb5 18. Bxb5 Qxb5 19. Nbd3 Nc4 1/2-1/2

[Event "Bayerische Einzelmeisterschaft 2011"]
[Site "Regensburg"]
[Date "2011.08.22"]
[Round "3.9"]
[White "Krauß, Josef"]
[Black "Heiduczek, Josef"]
[Result "1-0"]
[WhiteElo "2160"]
[BlackElo "2199"]
[PlyCount "85"]
[EventDate "2011.??.??"]
[WhiteTeam "SV Würzburg von 1865 e.V."]
[BlackTeam "SC Rottal"]

1. e4 c5 2. c3 Nf6 3. e5 Nd5 4. d4 cxd4 5. Nf3 e6 6. cxd4 d6 7. Bc4 Nc6 8. O-O
Be7 9. Qe2 O-O 10. Qe4 Bd7 11. Bd3 f5 12. exf6 Nxf6 13. Qe2 Qa5 14. Nc3 Qh5 15.
Be3 Nd5 16. Ne1 Qxe2 17. Bxe2 Nxe3 18. fxe3 Bg5 19. Nc2 e5 20. Ne4 Be7 21. d5
Nd8 22. Rxf8+ Bxf8 23. Na3 Bf5 24. Bd3 Bxe4 25. Bxe4 Rc8 26. Rf1 Be7 27. Kf2 a6
28. Ke2 g6 29. g3 b5 30. Kd3 Nb7 31. Bg2 Rf8 32. Rxf8+ Kxf8 33. b4 Ke8 34. Nb1
Kd8 35. Nc3 Kc7 36. Bh3 Nd8 37. Be6 Nxe6 38. dxe6 Bg5 39. Ne4 Be7 40. Nc3 Bg5
41. Ke4 Kc6 42. Nd5 Bh6 43. e7 1-0

[Event "Bayerische Einzelmeisterschaft 2011"]
[Site "Regensburg"]
[Date "2011.08.22"]
[Round "3.10"]
[White "Hornung, Hans"]
[Black "Kuhn, Tobias"]
[Result "0-1"]
[WhiteElo "2158"]
[BlackElo "2195"]
[PlyCount "36"]
[EventDate "2011.??.??"]
[WhiteTeam "SK Klosterlechfeld"]
[BlackTeam "SK 1982 Klingenberg/Main"]

1. Nf3 Nf6 2. c4 g6 3. g3 Bg7 4. Bg2 O-O 5. d4 d6 6. O-O Nc6 7. d5 Na5 8. Nbd2
c5 9. e4 a6 10. Rb1 b5 11. b3 Rb8 12. Bb2 bxc4 13. bxc4 Rxb2 14. Rxb2 Nxe4 15.
Rb8 Nc3 16. Qc2 Qc7 17. Ra8 Bf5 18. Rxf8+ Kxf8 0-1

[Event "Bayerische Einzelmeisterschaft 2011"]
[Site "Regensburg"]
[Date "2011.08.22"]
[Round "3.12"]
[White "Graf, Christian"]
[Black "Shashkin, Igor"]
[Result "1/2-1/2"]
[WhiteElo "2121"]
[BlackElo "2099"]
[PlyCount "104"]
[EventDate "2011.??.??"]
[WhiteTeam "SGem Pang/Rosenheim"]
[BlackTeam "PTSV SK Hof 1892"]

1. e4 c5 2. Nf3 Nc6 3. c3 Nf6 4. e5 Nd5 5. d4 cxd4 6. cxd4 d6 7. Bc4 dxe5 8.
Bxd5 Qxd5 9. Nc3 Qa5 10. d5 Nb4 11. O-O Bg4 12. h3 Bxf3 13. Qxf3 Rd8 14. Rd1 f6
15. a3 Nc2 16. Rb1 a6 17. Qe4 Nd4 18. f4 Nb5 19. Nxb5 Qxb5 20. fxe5 fxe5 21.
Qxe5 Qb6+ 22. Be3 Qf6 23. Qc7 e5 24. Qxb7 Be7 25. Bb6 Rd7 26. Qc8+ Bd8 27. Bxd8
Rxd8 28. Qc6+ Qxc6 29. dxc6 Ke7 30. b4 Rxd1+ 31. Rxd1 Rc8 32. Rd7+ Ke6 33. Rxg7
Rxc6 34. Rxh7 Kf5 35. Rf7+ Ke4 36. Rf3 Kd5 37. g4 e4 38. Rf1 e3 39. Rd1+ Ke4
40. Kg2 e2 41. Re1 Ke3 42. g5 Rd6 43. Kg3 Rd1 44. Rxe2+ Kxe2 45. Kf4 Rh1 46. g6
Rxh3 47. g7 Rf3+ 48. Ke5 Rg3 49. Kf6 Kd3 50. a4 Kc4 51. b5 axb5 52. axb5 Kxb5
1/2-1/2

[Event "Bayerische Einzelmeisterschaft 2011"]
[Site "Regensburg"]
[Date "2011.08.22"]
[Round "3.13"]
[White "Miskevicer, Boris"]
[Black "Niemetz, Alexander"]
[Result "1-0"]
[WhiteElo "2187"]
[BlackElo "2013"]
[PlyCount "91"]
[EventDate "2011.??.??"]
[WhiteTeam "SG Schwabing München Nord e.V."]
[BlackTeam "SC Hollfeld 1960 e.V."]

1. d4 f5 2. c4 d6 3. Nf3 Nf6 4. Nc3 g6 5. g3 Bg7 6. Bg2 O-O 7. O-O Qe8 8. d5 a5
9. Nd4 Na6 10. b3 Nc5 11. Bb2 Bd7 12. a3 Ng4 13. h3 Nf6 14. Kh2 g5 15. Ncb5 Qc8
16. b4 axb4 17. axb4 Na6 18. f4 g4 19. h4 c6 20. Nc3 Nxb4 21. Qb3 b5 22. Ndxb5
Rxa1 23. Rxa1 Na6 24. Re1 Nc7 25. e4 Nxb5 26. Nxb5 fxe4 27. Bxe4 Nxe4 28. Rxe4
Rf7 29. Bxg7 Kxg7 30. Qb2+ Kg8 31. Qe2 Qf8 32. Nc7 Bf5 33. Ne6 Qe8 34. Re3 Bxe6
35. Rxe6 h5 36. Rxd6 Qa8 37. Rg6+ Kf8 38. Rh6 Qa3 39. Rxh5 Rxf4 40. gxf4 Qh3+
41. Kg1 Qg3+ 42. Qg2 Qe3+ 43. Qf2 Qc1+ 44. Kh2 Qxc4 45. Kg3 cxd5 46. Qe3 1-0

[Event "Bayerische Einzelmeisterschaft 2011"]
[Site "Regensburg"]
[Date "2011.08.22"]
[Round "3.14"]
[White "Kretschel, Klaus"]
[Black "Stöver, Leon"]
[Result "1/2-1/2"]
[WhiteElo "2103"]
[BlackElo "1919"]
[PlyCount "105"]
[EventDate "2011.??.??"]
[WhiteTeam "SC Unterpfaffenhofen"]
[BlackTeam "TuS Geretsried"]

1. f4 Nf6 2. Nf3 g6 3. g3 Bg7 4. Bg2 c5 5. O-O d5 6. d3 O-O 7. Nc3 Nc6 8. e4 d4
9. Ne2 Re8 10. Nh4 e6 11. h3 b5 12. a4 Ba6 13. axb5 Bxb5 14. b3 a5 15. Bd2 a4
16. Nc1 axb3 17. Rxa8 Qxa8 18. cxb3 Rc8 19. Rf2 Qa1 20. Qc2 Ba6 21. Rf1 Nb4 22.
Bxb4 cxb4 23. Qd1 Rc3 24. e5 Nd7 25. Nf3 Nc5 26. Nxd4 Rxc1 27. Qxc1 Qxd4+ 28.
Kh2 Nxb3 29. Qc6 Qxd3 30. Rf3 Qc4 31. Rxb3 Qxb3 32. Qxa6 Qc2 33. h4 b3 34. Qa4
Bf8 35. Kh3 Qc3 36. Be4 b2 37. Qc2 Qxc2 38. Bxc2 Bc5 39. g4 Kf8 40. h5 Ke7 41.
Kg3 Kd7 42. Kf3 Kc6 43. hxg6 hxg6 44. f5 gxf5 45. gxf5 Kd5 46. fxe6 fxe6 47.
Be4+ Kxe5 48. Bb1 Kd4 49. Be4 Kc3 50. Ke2 e5 51. Bb1 Kb3 52. Kd3 Bd4 53. Ke2
1/2-1/2

[Event "Bayerische Einzelmeisterschaft 2011"]
[Site "Regensburg"]
[Date "2011.08.22"]
[Round "4.1"]
[White "Pohl-Kuemmel, Jens-Uwe"]
[Black "Reich, Thomas"]
[Result "1/2-1/2"]
[WhiteElo "2287"]
[BlackElo "2391"]
[PlyCount "123"]
[EventDate "2011.??.??"]
[WhiteTeam "TSV Wacker Neutraubling"]
[BlackTeam "FC Bayern München e.V."]

1. Nf3 c5 2. c4 Nf6 3. d4 cxd4 4. Nxd4 g6 5. Nc3 Bg7 6. e4 Nc6 7. Be3 O-O 8.
Be2 b6 9. f3 Bb7 10. O-O Nh5 11. Nxc6 dxc6 12. Qxd8 Rfxd8 13. Rfd1 c5 14. Rxd8+
Rxd8 15. Rd1 Bd4 16. Bxd4 cxd4 17. e5 Nf4 18. Bf1 Ne6 19. Ne2 a5 20. Kf2 Kg7
21. g3 f6 22. exf6+ exf6 23. h4 f5 24. b3 Kf6 25. Nc1 h6 26. Nd3 g5 27. hxg5+
hxg5 28. Re1 Nc5 29. Rd1 Rh8 30. Ne1 Ne6 31. Bg2 Re8 32. Bf1 Re7 33. Rd2 Bc6
34. Rd1 Be8 35. Rd2 Rd7 36. Nc2 Rd8 37. Ne1 Bg6 38. Rd1 Rh8 39. Bg2 f4 40. gxf4
gxf4 41. Bf1 Bf5 42. Rd2 Rd8 43. Bd3 Nc5 44. Bxf5 Kxf5 45. Nd3 Nxd3+ 46. Rxd3
Ke5 47. a4 Rd6 48. Kg2 Kf5 49. Kf2 Kg5 50. Kg2 Kh4 51. Kf2 Rd8 52. Kg2 Rg8+ 53.
Kf2 Rd8 54. Kg2 Rd7 55. Kf2 Kg5 56. Kg2 Kf6 57. Kf2 Ke6 58. Kg2 Rd8 59. Kf2 Rd7
60. Kg2 Rd6 61. Kh3 Ke5 62. Kg2 1/2-1/2

[Event "Bayerische Einzelmeisterschaft 2011"]
[Site "Regensburg"]
[Date "2011.08.22"]
[Round "4.2"]
[White "Singer, Christoph"]
[Black "Schatz, Christian"]
[Result "1/2-1/2"]
[WhiteElo "2380"]
[BlackElo "2204"]
[PlyCount "34"]
[EventDate "2011.??.??"]
[WhiteTeam "SC Tarrasch 45 München"]
[BlackTeam "SK Schwanstetten 79 e.V."]

1. e4 Nf6 2. e5 Nd5 3. d4 d6 4. c4 Nb6 5. f4 dxe5 6. fxe5 Bf5 7. Nc3 e6 8. Nf3
Nc6 9. Be3 Bg4 10. Be2 Bxf3 11. gxf3 Qh4+ 12. Bf2 Qf4 13. c5 Nd7 14. Qd2 Qxd2+
15. Kxd2 O-O-O 16. Kc2 b6 17. Ne4 Be7 1/2-1/2

[Event "Bayerische Einzelmeisterschaft 2011"]
[Site "Regensburg"]
[Date "2011.08.22"]
[Round "4.3"]
[White "Nuber, Korbinian"]
[Black "Lentrodt, Thomas"]
[Result "1/2-1/2"]
[WhiteElo "2245"]
[BlackElo "2307"]
[PlyCount "71"]
[EventDate "2011.??.??"]
[WhiteTeam "SC Dillingen"]
[BlackTeam "FC Bayern München e.V."]

1. e4 c5 2. Nc3 Nc6 3. Bb5 Nd4 4. Bc4 e6 5. Nf3 Nf6 6. O-O a6 7. d3 b5 8. Bb3
Nxb3 9. axb3 Bb7 10. Bg5 d6 11. Qe2 Be7 12. Rae1 h6 13. Bh4 O-O 14. Nd2 Nxe4
15. Bxe7 Nxc3 16. Qxe6 fxe6 17. Bxd8 Raxd8 18. bxc3 e5 19. Ra1 g5 20. Rfe1 Kf7
21. b4 Rc8 22. c4 bxc4 23. Nxc4 Ke6 24. Reb1 cxb4 25. Rxb4 Bd5 26. Ne3 Rb8 27.
Rxb8 Rxb8 28. Ra5 Rb1+ 29. Nf1 e4 30. Ra3 exd3 31. cxd3 Ke5 32. f3 Kd4 33. Kf2
Rb2+ 34. Ke1 Rb1+ 35. Kf2 Rb2+ 36. Kg1 1/2-1/2

[Event "Bayerische Einzelmeisterschaft 2011"]
[Site "Regensburg"]
[Date "2011.08.22"]
[Round "4.4"]
[White "Kuhn, Tobias"]
[Black "Golda, Harald"]
[Result "1/2-1/2"]
[WhiteElo "2195"]
[BlackElo "2334"]
[PlyCount "107"]
[EventDate "2011.??.??"]
[WhiteTeam "SK 1982 Klingenberg/Main"]
[BlackTeam "Schachklub Schweinfurt 2000 e.V."]

1. e4 c5 2. Nf3 d6 3. d4 cxd4 4. Nxd4 Nf6 5. Nc3 Nc6 6. Bg5 e5 7. Ndb5 a6 8.
Na3 b5 9. Bxf6 Qxf6 10. Nd5 Qd8 11. Bxb5 axb5 12. Nxb5 Be7 13. Nbc7+ Kf8 14.
Nxa8 Qa5+ 15. b4 Qxa8 16. Qd3 h5 17. a4 Rh6 18. a5 Bd8 19. O-O Qb8 20. a6 Na7
21. Rfb1 Be6 22. b5 Bxd5 23. Qxd5 Qb6 24. c4 Re6 25. Rd1 Bc7 26. Rd3 g6 27. Qb7
Rf6 28. Ra2 Qc5 29. Qa8+ Kg7 30. Qd5 Bb6 31. Qxc5 Bxc5 32. Kf1 Kf8 33. f3 Ke7
34. Rb2 Nc8 35. b6 Bxb6 36. Rdb3 Bd4 37. Rb7+ Kd8 38. Rb8 d5 39. cxd5 Bxb2 40.
a7 Ra6 41. a8=Q Rxa8 42. Rxa8 Kd7 43. Ke2 Nd6 44. Ra7+ Ke8 45. Kd3 h4 46. Ra2
Bc1 47. h3 Bf4 48. Kc3 f5 49. Ra6 Ke7 50. Ra7+ Ke8 51. Kd3 fxe4+ 52. fxe4 g5
53. Rg7 Kd8 54. Rh7 1/2-1/2

[Event "Bayerische Einzelmeisterschaft 2011"]
[Site "Regensburg"]
[Date "2011.08.22"]
[Round "4.5"]
[White "Schmid, Roland"]
[Black "Wagner, Florian"]
[Result "1/2-1/2"]
[WhiteElo "2189"]
[BlackElo "2253"]
[PlyCount "136"]
[EventDate "2011.??.??"]
[WhiteTeam "TSV Wacker Neutraubling"]
[BlackTeam "SC Noris-Tarrasch Nürnberg 1873"]

1. Nf3 c5 2. c4 Nf6 3. Nc3 b6 4. g3 Bb7 5. Bg2 e6 6. O-O Be7 7. d4 cxd4 8. Qxd4
O-O 9. Rd1 d6 10. e4 Nbd7 11. b3 Qc8 12. Bb2 Rd8 13. Qe3 Qc5 14. Qxc5 bxc5 15.
Ne1 Ne5 16. Nc2 g5 17. f4 gxf4 18. gxf4 Nc6 19. Ne2 a5 20. Nc3 Nh5 21. Rf1 Bf6
22. Kh1 Nb4 23. Nxb4 axb4 24. Na4 Bxb2 25. Nxb2 Nf6 26. Rg1 Kf8 27. e5 Bxg2+
28. Rxg2 dxe5 29. fxe5 Ne4 30. Na4 Ra5 31. Rc2 Rd4 32. Kg2 Nd2 33. Rac1 Rd3 34.
Rd1 Nf3 35. Rxd3 Ne1+ 36. Kg3 Nxd3 37. Re2 Ra7 38. Kf3 Rd7 39. Ke3 Ke7 40. Rg2
Nxe5 41. Nxc5 Rd1 42. a3 bxa3 43. Ra2 Rh1 44. Rxa3 Rxh2 45. Ra7+ Kf6 46. Rb7
Rh3+ 47. Ke2 h5 48. Ne4+ Kg6 49. c5 f5 50. Nd2 Rc3 51. b4 h4 52. Re7 Kf6 53.
Rh7 h3 54. Nb1 Rc2+ 55. Kd1 Rb2 56. Nd2 Rxb4 57. Rxh3 Rb2 58. Rh6+ Ke7 59. Rh7+
Kd8 60. Rh3 Kd7 61. Rc3 Rb5 62. Nb3 Nc6 63. Rh3 Rb4 64. Rh7+ Kc8 65. Kc2 Re4
66. Kc3 e5 67. Nd2 Rd4 68. Nc4 e4 1/2-1/2

[Event "Bayerische Einzelmeisterschaft 2011"]
[Site "Regensburg"]
[Date "2011.08.22"]
[Round "4.6"]
[White "Heimrath, Reiner"]
[Black "Krauß, Josef"]
[Result "0-1"]
[WhiteElo "2309"]
[BlackElo "2160"]
[PlyCount "95"]
[EventDate "2011.??.??"]
[WhiteTeam "SC Noris-Tarrasch Nürnberg 1873"]
[BlackTeam "SV Würzburg von 1865 e.V."]

1. d4 d5 2. e3 Nf6 3. Bd3 c6 4. f4 Bg4 5. Nf3 e6 6. Nbd2 Nbd7 7. O-O Be7 8. Qe1
Bf5 9. Qe2 O-O 10. Kh1 Rc8 11. c3 b5 12. a3 a5 13. Ng5 Qb6 14. h3 h6 15. e4
dxe4 16. Ngxe4 Nxe4 17. Nxe4 Nf6 18. Ng3 Bxd3 19. Qxd3 Bd6 20. Qf3 c5 21. Be3
Qc6 22. Qe2 Nd5 23. dxc5 Nxe3 24. Qxe3 Bxc5 25. Qe2 f5 26. Rfe1 Rfe8 27. Rad1
Bd6 28. Qd2 Rcd8 29. Nh5 Bc7 30. Qf2 Kf7 31. Qa7 Qb6 32. Qxb6 Bxb6 33. Kh2 Bc7
34. Kg1 g6 35. Ng3 Bxf4 36. Ne2 Be3+ 37. Kf1 Bd2 38. Nd4 Bxe1 39. Rxe1 Rd5 40.
Nc6 a4 41. Re2 Kf6 42. Ke1 Rc8 43. Nb4 Re5 44. Nd3 Rxe2+ 45. Kxe2 Rd8 46. Nc5
Rd5 47. b4 Rxc5 48. bxc5 0-1

[Event "Bayerische Einzelmeisterschaft 2011"]
[Site "Regensburg"]
[Date "2011.08.22"]
[Round "4.7"]
[White "Fedorovsky, Michael"]
[Black "Lipok, Christoph"]
[Result "1-0"]
[WhiteElo "2416"]
[BlackElo "2175"]
[PlyCount "81"]
[EventDate "2011.??.??"]
[WhiteTeam "SC Tarrasch 45 München"]
[BlackTeam "Spgem Kötz/Ichenhausen"]

1. d4 d5 2. c4 c6 3. Nf3 Nf6 4. e3 Bf5 5. Bd3 Bxd3 6. Qxd3 e6 7. O-O Nbd7 8.
Nc3 Bb4 9. a3 Qa5 10. cxd5 cxd5 11. Bd2 Bxc3 12. Bxc3 Qb6 13. Rfc1 O-O 14. Rc2
Rfc8 15. Rac1 Rc6 16. Ne5 Nxe5 17. dxe5 Nd7 18. Bd4 Qc7 19. Rxc6 bxc6 20. Qc3
Rc8 21. b4 Nb6 22. Qc5 Nc4 23. a4 a6 24. f4 Qb7 25. Bc3 Qb6 26. Qxb6 Nxb6 27.
Bd4 Nc4 28. e4 Rb8 29. exd5 cxd5 30. Bc5 f6 31. exf6 gxf6 32. Kf2 Nb2 33. Bd6
Rb6 34. Rc8+ Kf7 35. Rc7+ Kg6 36. Bf8 h5 37. h3 e5 38. g4 hxg4 39. hxg4 Rb8 40.
f5+ Kg5 41. Kg3 1-0

[Event "Bayerische Einzelmeisterschaft 2011"]
[Site "Regensburg"]
[Date "2011.08.22"]
[Round "4.8"]
[White "Safyanowsky, Mark"]
[Black "Schindler, Viktor"]
[Result "1/2-1/2"]
[WhiteElo "2288"]
[BlackElo "2168"]
[PlyCount "41"]
[EventDate "2011.??.??"]
[WhiteTeam "SAbt TSV Haunstetten"]
[BlackTeam "PTSV SK Hof 1892"]

1. d4 Nf6 2. c4 g6 3. g3 Bg7 4. Bg2 c6 5. Nf3 O-O 6. O-O d5 7. cxd5 cxd5 8. Nc3
e6 9. Ne5 Nfd7 10. f4 Nc6 11. Be3 Nb6 12. Bf2 Bd7 13. Rc1 Rc8 14. e3 Nxe5 15.
dxe5 Bc6 16. Ne2 Bb5 17. Re1 Bxe2 18. Rxe2 Qd7 19. Rec2 Rxc2 20. Rxc2 Rc8 21.
Bf1 1/2-1/2